书目信息 |
| 题名: |
中国农民战争史研究
|
|
| 作者: | 中国农民战争史研究会 编 | |
| 分册: | 第一辑 | |
| 出版信息: | 上海 上海人民出版社 1979.11 |
|
| 页数: | 235页 | |
| 开本: | 26cm | |
| 丛书名: | ||
| 单 册: | ||
| 中图分类: | K201 | |
| 科图分类: | ||
| 主题词: | 中国--通史 | |
| 电子资源: | ||
| ISBN: | ||
| 000 | 00609nam0 2200193 45 | |
| 001 | 0312221749 | |
| 005 | 20060814153802.85 | |
| 010 | @dCNY1.20 | |
| 100 | @a20031222d1979 km y0chiy0120 ea | |
| 101 | @achi | |
| 200 | 1 | @a中国农民战争史研究@Azhong guo nong min zhan zheng shi yan jiu@e集刊@h第一辑@f中国农民战争史研究会编@FZhong Guo Nong Min Zhan Zheng Shi Yan Jiu Hui Bian |
| 210 | @a上海@c上海人民出版社@d1979.11 | |
| 215 | @a235页@d26cm | |
| 517 | 1 | @a集刊@Aji kan |
| 606 | 0 | @a中国@x通史 |
| 690 | @aK201@v3 | |
| 701 | 0 | @a中国农民战争史研究会@4编 |
| 801 | @aCN@bTSTCL@c20060814 | |
| 905 | @a213230@dK201@e1:1 | |
| 中国农民战争史研究:集刊.第一辑/中国农民战争史研究会编.-上海:上海人民出版社,1979.11 |
| 235页;26cm |
| ISBN :CNY1.20 |
| ● |
| 相关链接 |
|
|
|
|
正题名:中国农民战争史研究
索取号:K201/1:1
 
预约/预借
| 序号 | 登录号 | 条形码 | 馆藏地/架位号 | 状态 | 备注 |
| 1 | 0217516 | 202227287 | 密集书库/ [索取号:K201/1:1] | 在馆 | |
| 2 | 0462547 | 204625478 | 密集书库/ [索取号:K201/1:1] | 在馆 | |
| 3 | 0462548 | 204625487 | 密集书库/ [索取号:K201/1:1] | 在馆 |